[Event "CalChess-ch"]
[Site "Monterey Park"]
[Date "2002.04.06"]
[Round "4"]
[White "Liu, Kevin4444"]
[Black "Ponteri, Brice"]
[Result "1-0"]
[WhiteElo "1160"]
[BlackElo "845"]
[PlyCount "79"]
[EventDate "2002.??.??"]
[EventType "swiss"]
[EventRounds "6"]
[EventCountry "USA"]
[SourceTitle "EXT 2007"]
[Source "ChessBase"]
[SourceDate "2006.11.23"]
[SourceVersion "1"]
[SourceVersionDate "2006.11.23"]
[SourceQuality "1"]

1. b4 d5 2. Bb2 e5 3. Bxe5 f6 4. Bb2 Bxb4 5. Nf3 Bg4 6. a3 Bxf3 7. exf3 Qe7+ 8. Qe2 Qxe2+ 9. Bxe2 Bd6 10. Nc3 Ne7 11. d4 Nbc6 12. Nb5 0-0-0 13. 0-0 Na5 14. Nxa7+ Kb8 15. Nb5 Nf5 16. Bd3 g6 17. Bxf5 gxf5 18. Bc3 Nc6 19. Rab1 Rhg8 20. Rfe1 Rd7 21. Re6 Rdg7 22. g3 Be7 23. Bd2 Nd8 24. Re2 c6 25. Bf4+ Ka8 26. Bd6 Bxd6 27. Nxd6 Rg5 28. Rbe1 h5 29. f4 R5g7 30. Nxf5 Rc7 31. Re8 Rxe8 32. Rxe8 Rc8 33. Nd6 Rb8 34. h4 Nf7 35. Rxb8+ Kxb8 36. Nxf7 b5 37. f3 Kb7 38. Kf2 Kb6 39. Ke2 Ka5 40. Nd6 1-0